Property auctions (Record no. 121346)
[ view plain ]
| 000 -LEADER | |
|---|---|
| fixed length control field | 00948nam a22002297a 4500 |
| 008 - FIXED-LENGTH DATA ELEMENTS--GENERAL INFORMATION | |
| fixed length control field | 230201s2013 xxk|||||o|||| 00| 0 eng d |
| 041 ## - LANGUAGE CODE | |
| Language code of text/sound track or separate title | eng |
| 110 ## - MAIN ENTRY--CORPORATE NAME | |
| Corporate author | Royal Institution of Chartered Surveyors |
| 245 ## - TITLE STATEMENT | |
| Title | Property auctions |
| Subtitle | A clear impartial guide |
| Medium | [old edition] |
| 260 ## - PUBLICATION INFORMATION | |
| Place of publication | London, |
| Publisher | Royal Institution of Chartered Surveyors, |
| Date | 2013 |
| 300 ## - PHYSICAL DESCRIPTION | |
| Physical description | 13p. |
| 490 ## - SERIES TITLE | |
| Series statement | RICS Consumer Guide |
| 500 ## - GENERAL NOTE | |
| General note | Superseded by June 2024 issue |
| 520 ## - ABSTRACT | |
| Abstract | This guide aims to tell you more about the auction process from both a buyer and seller’s point of view, and what you can expect. |
| 650 ## - KEYWORDS | |
| Keywords | AUCTIONS |
| 650 ## - KEYWORDS | |
| Keywords | RESIDENTIAL PROPERTY |
| 651 ## - SUBJECT ADDED ENTRY--GEOGRAPHIC NAME | |
| Geographic name | United Kingdom |
| 690 ## - BROAD SUBJECT | |
| 9 (RLIN) | 6266 |
| Broad subject | Residential property |
| 710 ## - ADDED CORPORATE NAME | |
| Added corporate author | Royal Institution of Chartered Surveyors |
| 856 ## - ONLINE RESOURCE | |
| Uniform Resource Identifier | <a href="https://www.ricsfirms.com/media/1191/rics-consumer-guide-property-auctions-2020.pdf">https://www.ricsfirms.com/media/1191/rics-consumer-guide-property-auctions-2020.pdf</a> |
| Public note | Old edition on rics.org/consumerguides |
| 942 ## - ADDED ENTRY ELEMENTS (KOHA) | |
| Suppress in OPAC | Do not suppress in OPAC |
| Lost status | Damaged status | Not for loan | Home library | Current library | Shelving location | Date acquired | Total Checkouts | Date last seen | Price effective from | Koha item type |
|---|---|---|---|---|---|---|---|---|---|---|
| Virtual | Virtual | Online | 01/02/2023 | 01/02/2023 | 01/02/2023 | Online material |